000 01369cam a22003494i 4500
001 17654213
003 OSt
005 20180116192423.0
008 130311s2013 enka b 001 0 eng
010 _a 2012051136
020 _a9780470675007 (pbk.)
040 _aDLC
_beng
_cDLC
_erda
_dDLC
042 _apcc
043 _ae------
050 0 0 _aTA666
_b.P66 2013
082 0 0 _a694.02184
_223
100 1 _aPorteous, Jack.
_97647
245 1 0 _aStructural timber design to Eurocode 5 /
_cJack Porteous and Abdy Kermani.
250 _a2nd edition.
260 _aLondon :
_bJohn Wiley,
_c2013
300 _axiv, 624 pages :
_billustrations ;
_c25 cm.
504 _aIncludes bibliographical references and index.
650 0 _aBuilding, Wooden
_xStandards
_zEurope.
_97648
650 0 _aStructural frames
_xDesign and construction
_xStandards
_zEurope.
_97649
650 0 _aTimber
_xStandards
_vEurope.
_97650
650 0 _aEN1995 Eurocode 5 (Standard)
_97651
700 1 _aKermani, Abdy.
_97652
776 0 8 _iOnline version:
_aPorteous, Jack.
_tStructural timber design to Eurocode 5
_b2nd edition.
_dChichester, West Sussex, UK : John Wiley & Sons Inc., 2013
_z9781118597262
_w(DLC) 2013010011
906 _a7
_bcbc
_corignew
_d1
_eecip
_f20
_gy-gencatlg
942 _2ddc
_cBK
999 _c353980
_d353980